000 01276cam a22003258i 4500
999 _c129689
_d129689
001 18101310
003 ARRUPE
005 20190814111729.0
008 140403s2014 nyu b 001 0 eng
010 _a 2014009858
020 _a9780521192767 (hardback : alk. paper)
020 _a9780521122733 (pbk.)
040 _aDLC
_beng
_cDLC
_erda
042 _apcc
050 0 0 _aB430
_b.C36 2014
082 0 0 _a171/.3
_223
245 0 0 _aThe Cambridge companion to Aristotle's Nicomachean ethics /
_cedited by Ronald Polansky, Duquesne University, Pittsburgh.
260 _aNew York
_bCambridge University Press
_c2014
300 _axii, 474 p. ;
_c24 cm.
490 0 _aCambridge companions to philosophy
504 _aIncludes bibliographical references and index.
600 0 0 _aAristotle
_tNicomachean ethics.
_92950
650 0 _aEthics.
_947773
700 1 _aPolansky, Ronald M.,
_d1948-
_eeditor of compilation.
_947774
906 _a7
_bcbc
_corignew
_d1
_eecip
_f20
_gy-gencatlg
942 _2lcc
_cMONOGRAPH